Úvery pre malé a stredné podniky vo VÚB, a.s. diplomová práca

Salvato in:
Dettagli Bibliografici
Autore principale: Markušová, Jana
Ente Autore: Podnikovohospodárska fakulta EU so sídlom v Košiciach. Katedra ekonómie
Altri autori: Bačová, Monika
Natura: Libro
Lingua:slovacco
Pubblicazione: Košice 2009
Tags: Aggiungi Tag
Nessun Tag, puoi essere il primo ad aggiungerne!!

MARC

LEADER 00000nam$a2200000$$$4500
001 0098812
005 20240827093126.3
041 0 |a slo 
044 |a SK 
245 1 0 |a Úvery pre malé a stredné podniky vo VÚB, a.s.  |b diplomová práca  |c Jana Markušová ; škol. Monika Bačová 
264 1 |a Košice  |c 2009 
300 |a 84 s. 
100 1 |a Markušová, Jana 
700 1 |a Bačová, Monika 
710 2 |a Podnikovohospodárska fakulta EU so sídlom v Košiciach. Katedra ekonómie